[Event "Czerniak Memorial 13th"]
[Site "Tel Aviv"]
[Date "1997.??.??"]
[Round "10"]
[White "Zifroni, Dov"]
[Black "Gershon, Alik"]
[Result "1-0"]
[WhiteElo "2490"]
[BlackElo "2420"]
[Annotator "Tyomkin,D"]
[PlyCount "55"]
[EventDate "1997.04.04"]
[EventType "tourn"]
[EventRounds "11"]
[EventCountry "ISR"]
[EventCategory "10"]
[SourceTitle "CBM 059"]
[Source "ChessBase"]
[SourceDate "1997.08.01"]
[SourceVersion "1"]
[SourceVersionDate "1997.08.01"]
[SourceQuality "1"]

1. d4 f5 2. Nf3 Nf6 3. g3 g6 4. Bg2 Bg7 5. O-O O-O 6. c4 d6 7. Nc3 Qe8 8. d5 a5
9. Rb1 (9. Nd4 {Tyomkin,D} Na6 10. b3 h6 $6 {This move is useless,because
after 11.Bb2 black doesn't need h6 to push g6-g5} 11. Bb2 g5 12. Qd2 $6 $146 {
[%cal Ga6c5,Gc5e4]} (12. e3 $142) 12... f4 $6 (12... Nc5 $142 13. f3 Bd7 (13...
e5 14. dxe6 Bxe6 15. f4) 14. a3 $14 {[%cal Gb3b4]}) 13. gxf4 gxf4 14. Ne6 Bxe6
15. dxe6 Ng4 16. h3 Ne5 17. Nd5 (17. Bxb7 $5) 17... f3 18. exf3 c6 19. Z0 {
1/2-1/2/Allahverdiev,A-Saldano,H/Anibal op 1997;CBM58[Tyomkin,D]} (19. f4 $1
Ng6 (19... Nxc4 20. bxc4 Bxb2 21. Qxb2 cxd5 22. Qxb7 $16) 20. Bxg7 Kxg7 21. Nb6
Rd8 (21... Nxf4 22. Nxa8 Qg6 23. f3 {black doesn't have enough compensation
for sacrificed material}) 22. Nd7 Rxf4 23. Qxa5 $16)) 9... Na6 10. b3 h6 (10...
Bd7) 11. Nd4 $5 $146 (11. Bb2 {Tyomkin,D} Bd7 12. Nd4 Nc5 (12... g5 13. e3 Qg6
14. a3 (14. Qc2 Nb4 $6 15. Qe2 f4 $2 16. exf4 Ng4 (16... gxf4 17. Ne6 $16) 17.
f5 $1 Bxf5 18. Nxf5 Qxf5 19. Nb5 $18 {Soppe,G-Gamarra,C/Asuncion 1991 (27)/1-0}
) 14... Rac8 15. Ba1 {[%cal Gb3b4]} c6 16. Na4 c5 17. Nb5 (17. Ne6 $5 Bxe6 18.
dxe6 Ne4 $13) 17... Bxb5 18. cxb5 Nc7 19. Nb6 $14 {/= Chernin,A-Vyzmanavin,A/
Tilburg 1993/0-1 (59)}) 13. a3 c6 14. b4 axb4 15. axb4 Nce4 16. Nxe4 fxe4 $2 (
16... Nxe4 $142) 17. Nc2 $1 $16 {van der Sterren - Meulders, Nederland 1992-56/
(103)}) (11. Bd2 {Tyomkin,D} g5 12. e3 Qg6 13. Nd4 Bd7 14. Qc2 Rae8 15. Rbe1
Qh5 16. Qd1 Qg6 17. a3 f4 18. exf4 gxf4 19. Nce2 $2 (19. Bxf4 $16) 19... Nh5
20. Qb1 $14 {Lobron-Santo Roman, Cap d'Adge 1994}) 11... g5 12. a3 Kh8 $6 (
12... Bd7 $5) (12... Qg6 $5) 13. e3 Qg6 14. Qc2 h5 $2 {Wrong play of black on
the kingside turning black's position to strategicaly lost} (14... Bd7 $142 $14
{[%cal Ga8c8,Gc7c6]}) 15. Bb2 h4 $2 16. gxh4 $16 {/+-} Rg8 $6 (16... gxh4 17.
Kh1 Rg8 18. Rg1 Ng4 19. h3 (19. Bh3 $16 {[%csl Rf5][%cal Gf2f3,Gg1g6]}) 19...
Nh6 (19... Ne5 $2 20. Be4 {[%csl Rf5]}) 20. Ne6 Bxe6 21. dxe6 $18) 17. hxg5 $18
Qxg5 18. f4 $1 {[%csl Rc8,Rf5,Rh8] Now we can see what black got after all
attamps to attack white king} Qh5 19. Rf3 Bh6 20. Nce2 {[%cal Ge2g3]} Rg4 21.
Ng3 Qg6 22. Bh3 Bd7 23. Bxg4 Qxg4 24. Rbf1 Rg8 25. Kh1 Be8 26. Ndxf5 Bg6 27. e4
Kh7 28. Nxe7 1-0

[Event "Recklinghausen"]
[Site "Recklinghausen"]
[Date "1998.08.30"]
[Round "6"]
[White "Kachiani Gersinska, Ketino"]
[Black "Mainka, Romuald"]
[Result "0-1"]
[WhiteElo "2435"]
[BlackElo "2500"]
[Annotator "Tyomkin,D"]
[PlyCount "127"]
[EventDate "1998.07.25"]
[EventType "tourn"]
[EventRounds "9"]
[EventCountry "GER"]
[EventCategory "12"]
[SourceTitle "CBM 067"]
[Source "ChessBase"]
[SourceDate "1998.11.30"]
[SourceVersion "2"]
[SourceVersionDate "1998.11.01"]
[SourceQuality "1"]

1. d4 f5 2. g3 Nf6 3. Bg2 g6 4. c4 Bg7 5. Nc3 O-O 6. Nf3 d6 7. O-O Qe8 8. d5 a5
9. Rb1 Na6 10. b3 Bd7 11. Bb2 Nc5 12. a3 h6 (12... c6 $146 {Alterman,B-Mainka,
R/Recklinghauser Schachtage 1998/1-0(36)-CBM67}) 13. Nd4 Qf7 $146 (13... c6 14.
b4 axb4 15. axb4 Nce4 16. Nxe4 Nxe4 17. f3 Nf6 18. f4 cxd5 19. cxd5 Qf7 20. Ne6
Bxe6 21. dxe6 Qxe6 22. Bxf6 Qe3+ $11 {Lukacs,P-Hoang Than Trang/Budapest FS07
GM 1996/1/2-1/2(42)}) 14. b4 axb4 15. axb4 Nce4 16. Nxe4 Nxe4 17. e3 $6 (17. f3
$142 Nf6 18. f4) 17... c6 {Now it became clear that black succesfully was
decided all opening problems.} 18. dxc6 bxc6 19. c5 Ra2 $1 (19... dxc5 20. Nb3
$1 (20. bxc5 Ra2 $36) 20... Bxb2 21. Rxb2 e5 22. Nxc5 (22. Bxe4 $2 fxe4 23.
Nxc5 Bh3 24. Re1 Ra1 $1 $19) 22... Nxc5 23. bxc5 e4 24. Qd6 Rfd8 25. Rd1 $16 {
[%cal Gg2f1]}) 20. cxd6 exd6 21. Qc1 {Black has some initiative and white
decides to change some pieces.} Rc8 22. Nf3 c5 23. Bxg7 Kxg7 24. bxc5 Rxc5 25.
Qd1 Bb5 26. Qd4+ Kh7 27. Rfc1 Bc6 (27... Rxf2 28. Rxc5 dxc5 29. Qe5 Bc6 30. Rb8
{-see 29...Rxf2}) 28. Rxc5 dxc5 29. Qe5 Qg7 (29... Rxf2 30. Rb8 Qg7 (30... Nf6
31. Kxf2 Ng4+ 32. Kg1 Nxe5 33. Nxe5 Qe6 34. Nxc6) 31. Ng5+ $1) 30. Rc1 $2 (30.
Qe6 Ra1 31. Rxa1 Qxa1+ 32. Bf1 $11) 30... Qd7 31. Qb8 (31. Nh4 Rxf2 $1 32. Bxe4
Bxe4 33. Qf6 f4 34. exf4 Re2 35. f5 $1 Bxf5 36. Nxf5 gxf5 37. Rf1 Qd4+ 38. Qxd4
cxd4 39. Rd1 (39. Rxf5 $2 d3 $19) 39... Re4 $17 {[%cal Gh7g6,Gg6f6,Gf6e5]})
31... Rxf2 $17 32. Ra1 Bb7 33. Ng5+ hxg5 34. Bxe4 Rb2 35. Bxb7 Rxb7 36. Qe5 Qe7
37. Qxe7+ Rxe7 38. Kf2 Kg7 39. Rc1 $4 {Typical mistake in rook endings.White
puts rook passively and black wins this ending without to many diffculties.It
was good idea to put rook behind c-pawn.} (39. Ra6 Rb7 (39... Rc7 40. Ke2 {
[%cal Ge2d3]}) 40. Rc6 Rb2+ 41. Kf3 Rc2 42. h4 gxh4 (42... Kh6 43. Rc8 g4+ 44.
Kf4 Rf2+ 45. Ke5 Rf3 46. Kf6) (42... g4+ 43. Kf4 {[%cal Gf4g5]} Kh6 44. Rc8 {
[%cal Gf4e5,Ge5f6]}) 43. gxh4 Rc4 $1 {with winning chances}) 39... Re5 $19 {
[%csl Re3][%cal Gg7f6,Gf6e6,Ge6d5,Yc5c4]} 40. Rc4 Kf6 41. Ke2 Ke6 42. Kd3 Kd6
43. Ra4 {Finally white decides to activate the rook,but it's too late.} Kd5 44.
Ra8 c4+ 45. Kd2 g4 46. Rd8+ Kc5 (46... Ke4 $6 47. Ke2 $1) 47. Rc8+ $2 (47. Rb8
$142 {was better chance.} Rd5+ (47... Re6 48. Rc8+ Rc6 49. Rb8 Rb6 50. Rc8+ Kb4
51. Kc2 Rb5 52. Re8) 48. Kc2 Rd3 49. Re8 Kd5 50. Re7 Ra3 51. Kb2 Ra6 $1 {
[%cal Ga6e6]} 52. Kc3 Ra2 $19) 47... Kb4 {Now the rest is easy job for black.}
48. Rc6 g5 49. Rc8 Ra5 50. Rb8+ Rb5 51. Rg8 Kb3 52. Kc1 Ra5 53. Kb1 Re5 54. Kc1
Rxe3 55. Kd2 Rd3+ 56. Ke2 Rd5 57. Rxg5 c3 58. Rg8 Rd2+ 59. Ke3 Rxh2 60. Rb8+
Kc2 61. Rb5 Rg2 62. Rxf5 Rxg3+ 63. Ke2 Rd3 64. Rg5 0-1

[Event "RUS-ch51"]
[Site "St Petersburg"]
[Date "1998.07.30"]
[Round "3"]
[White "Shcherbakov, Ruslan"]
[Black "Potapov, Alexander"]
[Result "1-0"]
[WhiteElo "2555"]
[BlackElo "2475"]
[Annotator "Tyomkin,D"]
[PlyCount "59"]
[EventDate "1998.07.28"]
[EventType "swiss"]
[EventRounds "11"]
[EventCountry "RUS"]
[SourceTitle "CBM 067"]
[Source "ChessBase"]
[SourceDate "1998.11.30"]
[SourceVersion "2"]
[SourceVersionDate "1998.11.01"]
[SourceQuality "1"]

{[%mdl 20492]} 1. d4 {Meulders} f5 2. c4 Nf6 3. Nc3 g6 4. g3 Bg7 5. Bg2 d6 6.
Nf3 O-O 7. O-O Qe8 8. Nd5 Nxd5 9. cxd5 Qb5 10. Ng5 {Meulders: Hat heutzutage
das alte 10.Ne1 fast völlig verdrängt.} h6 (10... Qb6 {Tyomkin,D} 11. Be3 (11.
e3 $5) 11... a5 12. h4 Na6 13. a3 $146 Bd7 (13... Qxb2 14. Qa4 (14. Ne6 Bxe6
15. dxe6 Rab8 16. Qd3 Qb6 17. Rab1 Qa7 18. Rfc1 c6 $15) 14... Qb6 (14... Qxe2
$6 15. Rfe1 Qb2 (15... Qg4 16. Bf3 Nc5 17. Qd1 $18) 16. Reb1 Qc3 17. Rc1 Qb2
18. Rab1 Qa2 19. Bf1 $16 {[%csl Ra2][%cal Gf1c4]}) 15. Rab1 Qa7 16. Ne6 Bxe6
17. dxe6 c6 (17... Rfb8 18. Qxa5 Bxd4 19. Bxd4 Qxd4 20. Bxb7 $16) 18. d5 $5 (
18. Qxa5 {[%cal Gd4d5]} d5 19. Qb6 $13 {[%csl Rb7]}) 18... Nc5 19. Bxc5 dxc5
20. dxc6 bxc6 21. Bxc6 $14) 14. Qd3 Rfc8 (14... c6 15. dxc6 bxc6 16. d5 c5 17.
Ne6 Bxe6 18. dxe6 Rab8 19. Rab1 Nc7 20. b4 $16) 15. Ne6 Bxe6 16. dxe6 c6 17. h5
$14 {[%cal Gh5g6,Gg3g4] Gelfand,B-Malaniuk,V/President's Cup 1998/1-0(33)} (17.
g4 $5 fxg4 18. h5 gxh5 19. Be4 (19. Qf5 {[%cal Gg2e4]} d5 20. Qxh5 $40) 19...
h6 20. Bg6 $16 {[%cal Gg6f7,Gd3g6]})) 11. Ne6 (11. Nh3 g5 12. Re1 (12. f4 g4
13. Nf2 Qb6 14. e3 Na6 15. Bd2 Bd7 16. a4 c6 $13 {Wells,P-Hoang Than Trang/
Honved-B 1997/1-0(43)} (16... c6 17. Qe1 Rac8 18. Ba5 Qb3 19. Qe2 b5 $2 (19...
cxd5 $15) 20. dxc6 Bxc6 21. Bxc6 Rxc6 22. axb5 Rc2 23. Qd3 Qxd3 24. Nxd3 Nc7
25. Ne1 $18 {1-0 Wells,P-Hoang Than Trang/Honved-B 1997/EXP 58 (43)})) 12...
Qb6 13. e3 Nd7 14. Bd2 Nf6 15. Bc3 Bd7 16. f4 g4 17. Nf2 c6 $11 {Stocek,
J-Hoang Than Trang/Budapest FS04 GM 1996/1/2-1/2(44)} (17... c6 {Meulders} 18.
dxc6 bxc6 $11 {1/2-1/2 Stocek,J-Hoang Than Trang/Budapest FS04 GM 1996/EXP 52 
(44)})) (11. a4 Qb6 12. Nf3 a5 (12... Nd7 13. Ne1 Nf6 14. Nc2 c6 15. dxc6 bxc6
16. a5 Qb5 17. Na3 Qxa5 18. Bxc6 Rb8 19. Bd2 Qb6 20. d5 Ne4 21. Be3 Qb3 $11 {
Kisseleva,N-Hoang Than Trang/Kishinev izt-W 1995/EXT 95/1/2-1/2 (86)}) 13. Be3
Na6 14. Qd2 Kh7 15. Ne1 Nb4 16. Nc2 {Meulders: +/=/=} Nxc2 17. Qxc2 Bd7 18. Qd3
c6 $11 {Hansen,L-Malaniuk,V/Espergarde PC 1992/1/2-1/2(28)} (18... c6 {Meulders
} 19. Ra3 Rfc8 20. Rb3 Qa7 $11 {29. - Bxa4 +/=/= 1/2-1/2 Hansen,L-Malaniuk,V/
Espergarde PC 1992/CBM 33/[Schussler] (28)})) 11... Bxe6 12. dxe6 d5 (12... Nc6
$6 13. d5 Ne5 14. e4 c6 15. exf5 $16 {Krivoshey,S-Dovzik,J/UKR-chT 1991/1-0(38)
} (15. exf5 {Meulders} Rxf5 16. Be4 Rf6 17. Be3 Qc4 18. f3 c5 19. b3 Qc3 20.
Qe2 {und nicht 20.Qc2, wie falsch in der Notation angegeben!} Raf8 21. Rac1 Qb4
22. Kg2 g5 23. Bd2 Qa3 24. Bc3 $14 {Krivoshey,S-Dovzik,J UKR- chT 1991/EXT 97})
) (12... c6 13. a4 (13. d5 $6 cxd5 14. Qxd5 Qxd5 15. Bxd5 Nc6 16. Be3 Rac8 17.
Rab1 b6 18. Rfc1 Nd4 19. Bxd4 Bxd4 $11 {Mikhaletz,L-Hoang Thang Trang/FSGM
April, Budapest HUN 1998/1-0 (61)}) 13... Qb4 $6 (13... Qc4 $5 14. d5 cxd5 15.
Bxd5 Qa6 16. Be3 Nc6 17. Qd2 $14) 14. Ra3 {'?!' Meulders.} (14. e3 {Meulders})
14... Qxd4 15. Qxd4 Bxd4 16. Rb3 {Meulders: und statt das bizarre} a5 {
Meulders: erscheint mir jetzt ...b6 normal} (16... b6 {Meulders} 17. Bxh6 Rf6
18. Be3 Bxe3 19. Rxe3 d5 20. b4 Na6 21. b5 Nc7 22. bxc6 Rd8 23. Rd1 Rd6 $11)
17. Bxh6 $16 {Varga,Z-Varga,P/Budapest FS02 GM 1996/1-0(24)}) 13. a4 Qc4 (13...
Qc6 $6 14. Qb3 Rd8 15. Bf4 $1 Na6 16. Rac1 Qxe6 17. Qxb7 Rab8 18. Qc6 $16) 14.
e3 $5 $146 {Interesting novelty which is, in my opinion,stronger than 14.Be3.}
(14. Be3 c6 15. Qd2 Na6 16. Bxh6 Qb4 17. Qf4 {'?' Meulders.} (17. Qxb4 Nxb4 18.
Bxg7 Kxg7 19. Rfc1 Rf6 20. a5 Rxe6 21. Kf1 $14) 17... Bxh6 18. Qxh6 Rf6 19. Qf4
(19. e3 $5 $13 {[%cal Gh2h4,Gh4h5]}) 19... Rc8 20. Rfc1 Nc7 $13 {[%csl Re6]
Stohl,I-Topalov,V/Elenite 1992/0-1(37)} (20... Nc7 {Meulders} 21. Rc2 Kg7 22.
e3 Nxe6 23. Qf3 Rh8 24. h4 g5 25. hxg5 Nxg5 $15 {0-1 Stohl,I-Topalov,V/Elenite
1992/CBM 32 (37)})) 14... c6 $2 {Black plays tritely and quickly gets bed
position.} (14... Qc6 $1 {After this move I don't see how white can get clear
advantage.} 15. Qb3 Rd8 16. Qb5 $5 (16. Bd2 Na6 17. Rfc1 Qxe6 18. Qxb7 Rab8 (
18... c5 19. Bxd5 $1 Qxd5 20. Qxa6 Rd6 21. Qe2 cxd4 22. exd4 Qxd4 23. Bc3 $16)
19. Rc6 (19. Qc6 Rd6 20. Qc2 c5) (19. Qxa7 $6 c5) 19... Rxb7 20. Rxe6 Nb8 $1 {
[%csl Re6][%cal Rg8f7]} (20... Rxb2 21. Rxa6 Rxd2 {[%cal Gc7c5]} 22. Rc1 $1 $16
) (20... Rb6 21. Rxb6 $16) 21. Rxe7 Kf8 22. Rxg7 Kxg7 23. b4 $44) 16... Qxe6
17. Qxb7 Na6 18. Bxd5 Qxd5 19. Qxa6 Rd6 20. Qb5 e5 $1) 15. Bd2 {Now black
queen in a danger and black should waste time to take care for the queen.} a5 {
This move lets white to open queenside with b2-b4 and to get strong pressure
over b-file.} (15... Rf6 16. b4 (16. Re1 {[%cal Rg2f1]} Qa6) 16... Rxe6 17. b5
$1 (17. Qb1 Nd7 18. Rc1 Qe2 $1) 17... Nd7 18. Re1 $1 {[%cal Rg2f1]} (18. Qb1
Rb8 $1) 18... cxb5 19. Rc1 Qa2 20. Rc2 $1 Qxa4 21. Bxd5 Nf8 22. Rc7 $16) 16.
Qb1 Rf6 17. b4 axb4 18. Rc1 Qa6 19. Qxb4 $16 {[%csl Rb7] /+-} Rxe6 20. Rab1 (
20. a5 $2 Nd7 21. Rab1 Rb8) 20... Rd6 (20... Qxa4 21. Qxb7 (21. Qxa4 Rxa4 22.
Rxb7 Ra8 $1 (22... Na6 23. Rxc6 $1) 23. Rc7 {[%cal Gc7c8]} Kf7 24. Rc8 Ra2 25.
Bc3 Nd7 $1 26. Rxc6 $1 Nf6 $14 {/=}) 21... Kf7 (21... Qa6 22. Qxa6 Nxa6 23.
Rxc6 $1 Rxc6 24. Bxd5+ $16) 22. Bf1 $18 {[%cal Rb1a1]} (22. Bf1 {Meulders} Rd6
23. Ra1 Qxa1 24. Rxa1 Rxa1 25. Qxb8 $18)) (20... Ra7 21. a5 $16 {[%cal Rg2f1]}
(21. Bf1 Qxa4 22. Qxa4 Rxa4 23. Rxb7 Na6 $1 {Now white cann't take on-c6.}))
21. Qxb7 Qxb7 22. Rxb7 $18 {White has pair of bishops,passed pawn-a4 and
active rooks which attack black weeknesses.Black's position is lost.} e5 (22...
Rd7 23. Rxd7 Nxd7 24. Rxc6 Rxa4 25. Bxd5+ $18) 23. dxe5 Bxe5 24. a5 Rd8 25. h4
h5 26. Bf1 {[%cal Ra5a6]} Kf8 27. a6 $1 Bd6 (27... Nxa6 28. Rxc6 Rd6 29. Rxd6
Bxd6 30. Rb6 $18) 28. a7 Nd7 29. Ba5 Nc5 {[%tqu "En","Find the last move in
this game.","","","c1c5","",10]} 30. Rxc5 $1 (30. Rxc5 Bxc5 31. Bxd8 Rxd8 32.
Rb8) 1-0

[Event "EU-chT (Men) 13th"]
[Site "Leon"]
[Date "2001.11.06"]
[Round "1.4"]
[White "Greenfeld, Alon"]
[Black "Vokac, Marek"]
[Result "1/2-1/2"]
[WhiteElo "2581"]
[BlackElo "2529"]
[Annotator "Tyomkin,D"]
[PlyCount "64"]
[EventDate "2001.11.06"]
[EventType "team-swiss"]
[EventRounds "9"]
[EventCountry "ESP"]
[SourceTitle "CBM 086"]
[Source "ChessBase"]
[SourceDate "2002.02.05"]
[SourceVersion "1"]
[SourceVersionDate "2002.02.05"]
[SourceQuality "1"]
[WhiteTeam "Israel"]
[BlackTeam "Czech Republic"]
[WhiteTeamCountry "ISR"]
[BlackTeamCountry "CZE"]

1. d4 g6 2. c4 Bg7 3. Nf3 c5 4. d5 d6 5. g3 f5 6. Bg2 Nf6 7. O-O O-O 8. Nc3 Na6
{Other moves, like Qe8 and h6, have some point as well, but Na6 looks the most
logical developing move;} (8... Qe8 {0-1 Simutowe,A-Gelashvili,T/Lausanne 2001/
CBM 82 ext (28)}) 9. e4 {Principle reply; Other moves are more quite and white
can expect to get small opening edge by those ways:} (9. Rb1 Bd7 (9... Nc7 10.
a4 (10. b3 Nh5 11. Bb2 f4 12. Qd2 Bf5 13. Rbe1 Qd7 14. e3 fxg3 15. fxg3 $14 {
1/2-1/2 Pelletier,Y-Wirthensohn,H/Pontresina 2000/CBM 79 (40)}) 10... Rb8 11.
b3 h6 12. Ne1 a6 13. Nd3 g5 14. b4 $14 {1-0 Gaprindashvili,N-Skripchenko,A/
Kishinev 1998/CBM 63 ext (50)}) 10. b3 Rb8 (10... Qe8 11. Bb2 Nc7 {/\ ...b5}) (
10... Nc7 11. a4 a6 12. b4 cxb4 13. Rxb4 Rb8 14. Qb3 Ne4 15. Nxe4 fxe4 16. Ng5
a5 17. Rb6 Na6 18. Be3 $16 {Petrosian,T-Matulovic,M/Sarajevo 1972 1-0(40)}) 11.
Bb2 h6 12. Re1 Qe8 13. a3 g5 14. e4 fxe4 15. Nd2 $14 {1-0 Neverov,V-Vokac,M/
Lazne Bohdanec 1996/CBM 51/[Johnson,M] (52)}) (9. Re1 Rb8 (9... Nc7 10. a4 Rb8
11. Bg5 {1-0 Mittelman,G-Wall,T/Hampstead 1998/EXT 99 (42)}) 10. Rb1 Bd7 11. a4
Nb4 12. Bd2 {1-0 Stohl,I-Vokac,M/BL9293 1993/GER-chT (49)}) 9... fxe4 10. Ng5
Bg4 {[%cal Yb7b5,Ye7e6] Black has tried couple of other moves in this
position- but all is about pawn breaks here: black would try to push b7-b5, or,
in the worse case, e7-e6;} (10... Rb8 11. Ncxe4 $6 {Now black can lead b7-b5,
getting counterplay over b-file:} b5 12. cxb5 Rxb5 13. Qe2 Nc7 14. Nc3 Rb6 $11
{0-1 Freisler,P-Vokac,M/Prague 2000/CBM 79 ext (36)}) (10... Nc7 11. Ngxe4 Nxe4
12. Bxe4 $6 (12. Nxe4 b5 $132) 12... Bh3 13. Bg2 (13. Re1 $5) 13... Qd7 14. a4
Bxg2 15. Kxg2 e6 $15 16. Ra3 Rf5 17. g4 Rf7 18. h3 Raf8 19. Be3 exd5 20. Nxd5
Nxd5 21. Qxd5 Bxb2 22. Rb3 Bg7 {1/2-1/2 Anastasian,A-Ivanov,M/Ubeda 1996/CBM
51 ext (22)}) 11. Qb3 $146 {This move was prepared by Alon probably in his
home-preparation to the game; Vocac had number of games in this line already,
and he was ready to try it again, even despite of his loss to Burmakin in the
previous game in this opening line;} (11. Qd2 Nc7 12. a4 Rb8 13. Ngxe4 a6 (
13... Nxe4 $5) 14. Ng5 b5 $6 {That's the wrong time for this break- e7 spot of
black becomes vulnerable after the position has been getting open;} 15. axb5
axb5 16. cxb5 Nxb5 17. Nxb5 Rxb5 18. Ra7 Rb4 19. Qe3 Bd7 20. Re1 Rd4 21. Ne6
Bxe6 22. Qxe6+ Rf7 23. Rb7 $1 $16 {1-0 Burmakin,V-Vokac,M/Pardubice 2001/CBM
83 ext (75)}) 11... Rb8 12. Bd2 (12. Ngxe4 Nxe4 13. Nxe4 b5 14. cxb5 Be2 $132)
12... Nc7 {[%cal Gb7b5]} 13. a4 {b7-b5 is stopped, but there is another
typical break available now:} (13. Ngxe4 Nxe4 14. Bxe4 (14. Nxe4 $2 b5 $17)
14... Qd7 $15 {[%cal Yb7b5,Ye7e6,Yg4h3]}) {b7-b5 is stopped, but there is
another typical break available now:} 13... e6 14. Ncxe4 $2 {This move leads
white into some troubles; The only way to fight for advantage was:} (14. h3 h6
{Quite annoying reply, probably that's the reason why Alon had declined 14.h3;}
(14... e3 15. fxe3 $1 (15. Bxe3 exd5 $1 16. hxg4 $140 d4) 15... h6 16. hxg4
hxg5 17. dxe6 Nxe6 18. Nd5 $14 Nxg4 $140 19. Bh3 $18) (14... Bf3 15. Bxf3 exf3
{This is not easy to choose for white the right capture here, but both of them
lead to some edge of white:} 16. dxe6 (16. Nxe6 Qd7 17. Rae1 (17. Ng5 h6 18.
Nxf3 Qxh3 $17 {[%cal Gf6g4]} 19. Nh2 Nd7 {[%cal Gf8f5,Yf5h5,Gd7e5]}) 17... Rfe8
18. Ng5 h6 19. Nxf3 Qxh3 20. Rxe8+ Ncxe8 21. Re1 $14) 16... Qe7 17. Rae1 h6 18.
Nxf3 Nxe6 19. Re3 (19. Nh4 Qd7 $1 20. Nxg6 Nd4 {[%csl Yb3,Yf3,Yh3]}) 19... Rbe8
20. Rfe1 $14) 15. hxg4 hxg5 16. dxe6 (16. Nxe4 exd5 17. cxd5 Nxe4 18. Bxe4 b5
$132) (16. Bxg5 exd5 17. cxd5 Qd7 $1 18. Bxf6 Bxf6 19. Nxe4 Bd4 $44) 16... Nxe6
{[%cal Ge6d4]} 17. Nxe4 Nxg4 18. Rae1 {[%cal Gb3d1]} Ne5 19. Bc3 $14) 14...
exd5 15. cxd5 Nxe4 {It was better to adjorn this trade leading b7-b5 directly-
d5 pawn is hanging in some cases now:} (15... b5 $142 $1 16. Bc3 (16. axb5 Nxb5
$15 {[%cal Gb5d4]}) 16... Nfxd5 (16... c4 17. Nxf6+ Bxf6 18. Bxf6 Qxf6 $15))
16. Nxe4 b5 17. Bc3 Bf5 {Bit stronger was:} (17... Bxc3 18. Qxc3 $1 (18. Nxc3
c4 $15) (18. bxc3 Be2 19. Rfe1 Bc4 $15 {[%csl Rd5]}) 18... Bf5 $15 (18... Nxd5
$6 19. Qd2 Nf6 20. axb5 Rxb5 21. Rxa7 $14) 19. Qd2 (19. Rfe1 Nxd5 20. Qd2 Bxe4
$15) 19... Bxe4 20. Bxe4 Qf6 $15) 18. Bxg7 Kxg7 19. Rfe1 bxa4 $6 {Black had
wasted all his advantage by series of unaccurate moves;} (19... Kg8 20. a5 $5 {
keeping b-file closed;} Qd7 $15 {[%cal Gb8e8]}) 20. Qc3+ Kg8 21. Rxa4 Nb5 22.
Qd2 $11 Rb7 23. b4 Bxe4 (23... c4 24. Ra6 Bxe4 {-same to the game;}) (23...
cxb4 24. Rxb4 $11) 24. Bxe4 (24. Rxe4 Nd4 $11) 24... c4 25. Ra6 Qf6 26. Rc6 c3
27. Qe3 Re7 28. Kg2 $1 {White has to play accurately to reach the balance;} Na3
$6 {Black could secrifice an exchange for the pawn not risking much to lose in
the following line:} (28... Rxe4 29. Qxe4 Qxf2+ 30. Kh1 (30. Kh3 Rf5 $40 {
[%cal Yg8g7,Yg7h6,Gf5h5]}) 30... Kg7 (30... Rf5 31. Qe7 Qf3+ 32. Kg1 Qf2+ $11)
31. Rc4 (31. g4 Rf4 32. Qe7+ Rf7 33. Qe4 Kh6 34. Rc4 Kg5 35. Qe8 Kh4 36. Qe4
Qf3+ 37. Qxf3 Rxf3 $15) 31... Qf3+ 32. Kg1 Qxe4 33. Rcxe4 (33. Rexe4 Rf5 34.
Re7+ Kf6 $17) 33... Rf5 34. Rd1 {and white probably keeps balance over here;})
29. Re2 Nb5 30. Rc4 Na3 31. Rc6 Nb5 32. Rc4 Na3 1/2-1/2